Informe Anual 2010 / (Registro nro. 8122)

Detalles MARC
000 -LEADER
fixed length control field 01064nam a2200205Ia 4500
003 - CONTROL NUMBER IDENTIFIER
control field OSt
005 - DATE AND TIME OF LATEST TRANSACTION
control field 20210721145732.0
008 - FIXED-LENGTH DATA ELEMENTS--GENERAL INFORMATION
fixed length control field 210310q2011 ck aod gr 000 0 spa d
040 ## - CATALOGING SOURCE
Original cataloging agency CO-JMCR
Transcribing agency CO-JMCR
041 0# - LANGUAGE CODE
Language code of text/sound track or separate title spa
082 04 - DEWEY DECIMAL CLASSIFICATION NUMBER
Classification number 332.672 /
Item number C696i
Edition number 23
110 1# - MAIN ENTRY--CORPORATE NAME
Corporate name or jurisdiction name as entry element Colinversiones
9 (RLIN) 38612
245 10 - TITLE STATEMENT
Title Informe Anual 2010 /
Statement of responsibility, etc. Colinversiones
260 ## - PUBLICATION, DISTRIBUTION, ETC.
Place of publication, distribution, etc. Medellín :
Name of publisher, distributor, etc. Colinversiones,
Date of publication, distribution, etc. [2011]
300 ## - PHYSICAL DESCRIPTION
Extent 237 páginas :
Other physical details ilustraciones, fotografías y gráficas a color ;
Dimensions 28 cm.
505 0# - FORMATTED CONTENTS NOTE
Formatted contents note Administración -- Filosofía corporativa -- Estructura societaria -- Nuestros negocios -- Participación de mercado --Composición de los activos -- Comportamiento de la acción -- Colinversiones en cifras -- Informe de Gestión de la Junta Directiva y el presidente 2010 -- Estados financieros individuales -- Estados financieros consolidados -- Informe de operaciones -- Proyectos de expansión
650 14 - SUBJECT ADDED ENTRY--TOPICAL TERM
Topical term or geographic name entry element Sector eléctrico
9 (RLIN) 16397
Form subdivision Estados financieros
General subdivision Informes
650 24 - SUBJECT ADDED ENTRY--TOPICAL TERM
Topical term or geographic name entry element Sector eléctrico
Form subdivision Informes
General subdivision Informe de gestión
9 (RLIN) 38613
942 ## - ADDED ENTRY ELEMENTS (KOHA)
Source of classification or shelving scheme Dewey Decimal Classification
Koha item type Books
Existencias
Withdrawn status Lost status Source of classification or shelving scheme Damaged status Not for loan Collection code Home library Current library Date acquired Source of acquisition Full call number Barcode Date last seen Copy number Koha item type
    Dewey Decimal Classification     Non-fiction Biblioteca Pública José María del Castillo y Rada Biblioteca Pública José María del Castillo y Rada 04/15/2018 Donación 332.672 / C696i 430003225 05/16/2024 Ej.1 Books